| 000 | 01259nam a22002777a 4500 | ||
|---|---|---|---|
| 999 |
_c113209 _d113209 |
||
| 003 | dpl | ||
| 005 | 20190128133325.0 | ||
| 008 | 190128b ||||| |||| 00| 0 eng d | ||
| 010 | _aB-069459 | ||
| 020 |
_c00.00 _a8124601615 |
||
| 035 | _aB-069459, B-069463 | ||
| 037 | _bCen Lib/Ret | ||
| 040 |
_aDPL _bHN _c0 |
||
| 082 |
_a821 _bयादव |
||
| 100 |
_aयादव, सुरेन्द्र सिंह _944967 |
||
| 245 |
_aकृष्ण-अर्जुन संवाद / _cसुरेन्द्र सिंह यादव |
||
| 246 |
_aKrishn-Arjun sanvad / _bby Surendra Singh Yadav |
||
| 260 |
_aनई दिल्ली _bडी.के.प्रिंटवर्ल्ड _c2000 |
||
| 270 |
_a'श्री कुंज', एफ-52 बाली नगर _bनई दिल्ली _e110015 |
||
| 300 |
_axviii,146पृ. : _c21सेमी (सजिल्द) _bसचित्र |
||
| 650 |
_aहिन्दी -- साहित्य _951130 |
||
| 650 |
_aहिन्दी -- कृष्ण -- अर्जुन -- संवाद _949594 |
||
| 650 |
_aHindi -- literature _951131 |
||
| 650 |
_aHindi -- Krishna - Arjuna - Communicate _951132 |
||
| 942 |
_2ddc _cHN _h821 _mयादव |
||